Central Library OPAC University of Rajshahi

The management of binocular imbalance / (Record no. 14158)

MARC details
000 -LEADER
fixed length control field 00791cam a2200265u 4500
001 - CONTROL NUMBER
control field 14158
003 - CONTROL NUMBER IDENTIFIER
rucl marc code BD-RjUL
005 - DATE AND TIME OF LATEST TRANSACTION
control field 20211208235600.0
008 - FIXED-LENGTH DATA ELEMENTS--GENERAL INFORMATION
fixed length control field 140205s1948 paua 001 0 eng
035 ## - SYSTEM CONTROL NUMBER
System control number (BD-RjUL)14210
040 ## - CATALOGING SOURCE
Original cataloging agency DLC
Transcribing agency CarP
Modifying agency DLC
-- BD-RjUL
Language of cataloging eng
041 ## - LANGUAGE CODE
Language code of text/sound track or separate title eng
082 ## - DEWEY DECIMAL CLASSIFICATION NUMBER
Classification number 617.762
Author mark and year KRM
100 1# - MAIN ENTRY--PERSONAL NAME
Personal name Krimsky, Emanuel,
Dates associated with a name 1898- [from old catalog]
9 (RLIN) 44224
245 04 - TITLE STATEMENT
Title The management of binocular imbalance /
Statement of responsibility, etc. Emanuel Krimsky
260 ## - PUBLICATION, DISTRIBUTION, ETC. (IMPRINT)
Place of publication, distribution, etc. Philadelphia :
Name of publisher, distributor, etc. Lea & Febiger,
Date of publication, distribution, etc. 1948.
300 ## - PHYSICAL DESCRIPTION
Pagination 464 p. :
Illustrations illus. ;
Size 27 cm.
504 ## - BIBLIOGRAPHY, ETC. NOTE
Bibliography, etc Includes index.
650 #0 - SUBJECT ADDED ENTRY--TOPICAL TERM
Topical term or geographic name as entry element Eye
General subdivision Muscles
-- Anomalies.
9 (RLIN) 44225
Topical term or geographic name as entry element Eye
General subdivision Accommodation and refraction.
9 (RLIN) 44226
942 ## - ADDED ENTRY ELEMENTS (KOHA)
Source of classification or shelving scheme Dewey Decimal Classification
Koha item type Books
Holdings
Lost status Source of classification or shelving scheme Damaged status Not for loan Collection code Permanent Location Current Location Shelving location Date acquired Total Checkouts Full call number Date last seen Copy number Koha item type
  Dewey Decimal Classification   Not For Loan Non-fiction Central Library, University of Rajshahi Central Library, University of Rajshahi Reading Room 05/02/2014   617.762 KRM 1948 05/02/2014 C-2 Books